CSGO/CS2 Player Win Cologne - Statistics

General Stats
  • This quiz has been taken 48 times
  • The average score is 35 of 43
Answer Stats
Year Country Player % Correct
2024 France Apex
97%
2023 Russia m0NESY
97%
2023 Bosnia and Herzegovina NiKo
97%
2022 Estonia ropz
97%
2021,2018 Ukraine s1mple
97%
2024 France Zywoo
97%
2024 Israel FlameZ
93%
2024 England mezii
93%
2024 Israel Spinx
93%
2021 Ukraine B1T
90%
2016,2017 Brasil coldzera
90%
2021,2018 Russia electronic
90%
2019 USA EliGE
90%
2016,2017 Brasil FalleN
90%
2023 Bosnia and Herzegovina huNter-
90%
2023 Australia jks
90%
2022 Denmark karrigan
90%
2021 Russia Perfecto
90%
2022 Norway rain
90%
2021 Russia Boombl4
87%
2022 Latvia broky
87%
2016,2017 Brasil fer
87%
2014 Sweden GeT_RiGhT
87%
2023 Denmark HooXi
87%
2016,2017 Brasil TACO
87%
2022,2019 Canada Twistzz
87%
2019 Canada NAF
83%
2019 USA Stewie2K
83%
2014 Sweden f0rest
80%
2016 Brasil fnx
77%
2015 Sweden JW
77%
2015 Sweden olofmeister
77%
2018 Ukraine Zeus
77%
2019 USA nitr0
73%
2018 Russia flamie
70%
2015 Sweden flusha
70%
2014 Sweden friberg
67%
2015 Sweden KRIMZ
67%
2014 Sweden Xizt
60%
2018 Ukraine Edward
57%
2014 Sweden Fifflaren
53%
2015 Sweden pronax
53%
2017 Brasil felps
37%
No matching quizzes found
Score Distribution
Percent of People with Each Score
Percentile by Number Answered
Your Score History
You have not taken this quiz